000 00658nam a2200253Ia 4500
003 OSt
005 20220912151541.0
006 a|||||r|||| 00| 0
007 ta
008 220909b |||||||| |||| 00| 0 eng d
024 _a26115
037 _cTextual
040 _aCSL
_beng
_cCSL
041 _aeng
082 _aC21,21, M0
100 _aRabotnov Y N
245 0 _aElements of hereditary solid mechanics
260 _aMoscow
_bMir Publishers
_c1980
300 _a387p.
_ccm.
650 _aSolid state
700 _a Konyaeva M Tr.
942 _hC21,21, M0
_cTEXL
_2CC
999 _c71059
_d71059